<?xml version="1.0" encoding="UTF-8"?><?xml-stylesheet type="text/xsl" href="static/style.xsl"?><OAI-PMH xmlns="http://www.openarchives.org/OAI/2.0/" xmlns:xsi="http://www.w3.org/2001/XMLSchema-instance" xsi:schemaLocation="http://www.openarchives.org/OAI/2.0/ http://www.openarchives.org/OAI/2.0/OAI-PMH.xsd"><responseDate>2026-04-18T06:15:19Z</responseDate><request verb="GetRecord" identifier="oai:www.recercat.cat:2072/489291" metadataPrefix="marc">https://recercat.cat/oai/request</request><GetRecord><record><header><identifier>oai:recercat.cat:2072/489291</identifier><datestamp>2026-03-08T19:21:12Z</datestamp><setSpec>com_2072_98</setSpec><setSpec>col_2072_378193</setSpec></header><metadata><record xmlns="http://www.loc.gov/MARC21/slim" xmlns:dcterms="http://purl.org/dc/terms/" xmlns:xsi="http://www.w3.org/2001/XMLSchema-instance" xmlns:doc="http://www.lyncode.com/xoai" xsi:schemaLocation="http://www.loc.gov/MARC21/slim http://www.loc.gov/standards/marcxml/schema/MARC21slim.xsd">
   <leader>00925njm 22002777a 4500</leader>
   <datafield ind2=" " ind1=" " tag="042">
      <subfield code="a">dc</subfield>
   </datafield>
   <datafield ind2=" " ind1=" " tag="720">
      <subfield code="a">Urrutia Arestizábal, Pamela</subfield>
      <subfield code="e">author</subfield>
   </datafield>
   <datafield ind2=" " ind1=" " tag="720">
      <subfield code="a">Navarro Milián, Iván</subfield>
      <subfield code="e">author</subfield>
   </datafield>
   <datafield ind2=" " ind1=" " tag="720">
      <subfield code="a">Royo Aspa, Josep Maria</subfield>
      <subfield code="e">author</subfield>
   </datafield>
   <datafield ind2=" " ind1=" " tag="720">
      <subfield code="a">Urgell García, Jordi</subfield>
      <subfield code="e">author</subfield>
   </datafield>
   <datafield ind2=" " ind1=" " tag="720">
      <subfield code="a">Martí, Paula</subfield>
      <subfield code="e">author</subfield>
   </datafield>
   <datafield ind2=" " ind1=" " tag="720">
      <subfield code="a">Ekmen, Dilara</subfield>
      <subfield code="e">author</subfield>
   </datafield>
   <datafield ind2=" " ind1=" " tag="720">
      <subfield code="a">Universitat Autònoma de Barcelona. Escola de Cultura de Pau</subfield>
      <subfield code="e">author</subfield>
   </datafield>
   <datafield ind2=" " ind1=" " tag="720">
      <subfield code="a">Comissió Catalana d’Acció pel Refugi</subfield>
      <subfield code="e">author</subfield>
   </datafield>
   <datafield ind2=" " ind1=" " tag="260">
      <subfield code="c">2025</subfield>
   </datafield>
   <datafield ind2=" " ind1=" " tag="520">
      <subfield code="a">Altres ajuts: aquest informe s'ha elaborat com a part del projecte "Sense refugi: visibilitzem el desplaçament forçat provocat per les interrelacions entre emergència climàtica i conflictes armats en comunitats d'origen migrant i refugiat de la ciutat de Barcelona", finançat per l'Ajuntament de Barcelona en el marc de la convocatòria 2024 de Cooperació per a una Justícia Global.</subfield>
   </datafield>
   <datafield ind2=" " ind1=" " tag="520">
      <subfield code="a">El canvi climàtic, els conflictes armats i el desplaçament forçat són temes que, per si mateixos, generen una enorme preocupació a nivell internacional. En els darrers anys s'ha posat una creixent atenció a la interrelació entre aquest fenòmens, un nexe que ha estat caracteritzat àmpliament com de naturalesa complexa i que ha motivat nombrosos debats i una extensa literatura acadèmica. Hi ha, a més, una major disponibilitat de dades que evidencien les interaccions entre el canvi climàtic i la degradació mediambiental, els conflictes armats i el desplaçament forçat. Segons estudis recents, tres de cada quatre persones refugiades o desplaçades per guerres, violència i persecució viuen en països amb nivells d'exposició alts o extrems a perills relacionats amb el clima. A més a més, el nombre de països en els quals es registren desplaçaments forçats interns tant per conflictes com per desastres s'ha triplicat des del 2009. Davant d'aquest escenari, cal plantejar-se diverses preguntes: de quina manera interaccionen canvi climàtic, conflictes i desplaçament?; quines reflexions motiva l'anàlisi d'experiències concretes i de les formes en què s'exacerba la vulnerabilitat de determinats col·lectius de població?; quina ha estat la resposta internacional davant d'aquesta confluència de fenòmens?; hi ha mecanismes específics per assistir i protegir les persones afectades per aquesta tríada? El present informe elaborat per l'Escola de Cultura de Pau (ECP) i per la Comissió Catalana d'Acció pel Refugi (CCAR) pretén oferir algunes claus per aportar al debat i contribuir a la defensa dels drets de les persones desplaçades. La publicació analitza les diverses interrelacions entre canvi climàtic, conflicte i desplaçament; explora casos en diferents continents que il·lustren la complexitat d'aquest nexe -a la República Democràtica del Congo, Moçambic, Sahel Occidental, Palestina i Filipines-; i aborda alguns elements significatius de la resposta internacional i la inclusió del canvi climàtic en l'agenda de pau i seguretat global, incloent-hi des d'una perspectiva de gènere. A més a més, s'identifiquen alguns reptes des del punt de vista de la protecció internacional a poblacions desplaçades que transiten en aquesta confluència de conflictes, canvi climàtic i degradació mediambiental.</subfield>
   </datafield>
   <datafield ind1="8" ind2=" " tag="024">
      <subfield code="a">https://hdl.handle.net/2072/489291</subfield>
   </datafield>
   <datafield tag="653" ind2=" " ind1=" ">
      <subfield code="a">Canvi climàtic</subfield>
   </datafield>
   <datafield tag="653" ind2=" " ind1=" ">
      <subfield code="a">Conflictes armats</subfield>
   </datafield>
   <datafield tag="653" ind2=" " ind1=" ">
      <subfield code="a">Desplaçament forçat</subfield>
   </datafield>
   <datafield ind2="0" ind1="0" tag="245">
      <subfield code="a">Canvi climàtic, conflictes i desplaçament forçat : claus, experiències i reptes de protecció</subfield>
   </datafield>
</record></metadata></record></GetRecord></OAI-PMH>